| 000 | 00479nam a2200145Ia 4500 | ||
|---|---|---|---|
| 008 | 151021s9999 xx 000 0 und d | ||
| 020 | _a582237319 | ||
| 050 | _aLB 1631 .W496 1992 | ||
| 245 | _a_Teaching English Through English : A Course in Classroom Language and Techniques / Jane Wills | ||
| 260 | _aSingapore : Longman, 1982 | ||
| 300 | _axvi,192 p. : ill. | ||
| 500 | _aincludes index | ||
| 650 | _a_Teaching English Language | ||
| 980 | _a^d20110322 09:19:42^okilerai | ||
| 999 |
_c6883 _d6883 |
||